José Ignacio Linazasoro: cuatro proyectos recientes

সংরক্ষণ করুন:
গ্রন্থ-পঞ্জীর বিবরন
প্রধান লেখক: Linazasoro, José Ignacio (autor)
বিন্যাস: গ্রন্থ
ভাষা:স্প্যানিশ
প্রকাশিত: Madrid Colegio Oficial de Arquitectos de Madrid 1990
বিষয়গুলি:
ট্যাগগুলো: ট্যাগ যুক্ত করুন
কোনো ট্যাগ নেই, প্রথমজন হিসাবে ট্যাগ করুন!

MARC

LEADER 00000nam a2200000 a 4500
001 UCQ8453
003 CL-VaPUC
008 981209e19900000SP |||||||||||||||||spa|d
082 0 4 |a 720.92  |b LIN  |2 21 
100 |a Linazasoro, José Ignacio  |e autor  |9 422437 
245 1 0 |a José Ignacio Linazasoro: cuatro proyectos recientes 
300 |a 33 p 
942 |c BK 
945 |d 19981209 00:00:00  |a aarredon 
260 |a Madrid  |b Colegio Oficial de Arquitectos de Madrid  |c 1990 
650 0 |a Arquitectura moderna  |9 265021 
650 0 |a Arquitectos   |9 268647 
650 0 |a Arte moderno  |9 265333 
650 0 |a Diseños arquitectónicos  |9 370631 
650 7 |a CONSTRUCCIONES  |2 CL-VaPUC  |9 262690 
650 7 |a PLANOS  |2 CL-VaPUC  |9 260106 
583 |a last modification  |c 19981209 00:00:00  |k Rodrigo Vera 
999 |c 277709  |d 277707 
952 |0 0  |1 0  |4 0  |6 720_920000000000000_LIN_1990  |7 0  |8 A  |9 315869  |a BIBARQ  |b BIBARQ  |d 2019-11-20  |i 3485889  |o 720.92 LIN 1990  |p 3485889  |r 2025-01-20  |w 2019-11-20  |y BK  |k ARQ